[Event "Lugano Paradiso op 8th"]
[Site "Lugano"]
[Date "2015.01.24"]
[Round "3"]
[White "Zaugg, Reto"]
[Black "Bossart, Peter"]
[Result "1-0"]
[WhiteElo "1817"]
[BlackElo "1350"]
[PlyCount "110"]
[EventDate "2015.01.23"]
[EventType "swiss"]
[EventRounds "5"]
[EventCountry "SUI"]
[SourceTitle "CBM 164 Extra"]
[Source "ChessBase"]
[SourceDate "2015.03.02"]
[SourceVersion "1"]
[SourceVersionDate "2015.03.02"]
[SourceQuality "1"]

1. Nf3 Nc6 2. g3 d5 3. Bg2 Bf5 4. d3 e6 5. 0-0 Bd6 6. Nbd2 Nf6 7. Nh4 0-0 8. Nxf5 exf5 9. Nf3 h6 10. c3 a6 11. Qc2 Qd7 12. Bd2 Rae8 13. Rfe1 Ne7 14. c4 c5 15. e3 Bb8 16. Bc3 dxc4 17. dxc4 Ne4 18. Red1 Qe6 19. Be1 Ng6 20. Rd5 Bd6 21. Rad1 b6 22. b3 a5 23. Bc3 Ne7 24. R5d3 Nxc3 25. Qxc3 Bb8 26. Rd7 Nc6 27. a3 Rd8 28. Rxd8 Rxd8 29. Rxd8+ Nxd8 30. Ne1 Be5 31. Qd3 Bc7 32. Qc3 Qg6 33. Nd3 Ne6 34. Ne5 Bxe5 35. Qxe5 Kh7 36. Bh3 Qf6 37. Bxf5+ Kh8 38. Qxf6 gxf6 39. Kg2 Ng5 40. h4 Nh7 41. Bxh7 Kxh7 42. h5 f5 43. Kf3 Kg7 44. Kf4 Kf6 45. f3 Ke6 46. e4 fxe4 47. Kxe4 f5+ 48. Kf4 a4 49. bxa4 Kd6 50. Kxf5 Kc7 51. Kg6 Kd6 52. f4 Ke6 53. g4 Ke7 54. Kxh6 Kf6 55. Kh7 Kf7 1-0